000 00647nam a2200241Ia 4500
003 OSt
005 20221005050503.0
006 a|||||r|||| 00| 0
007 ta
008 221004b |||||||| |||| 00| 0 urd d
024 _a15224
037 _cTextual
040 _aCRL
_cCRL
_burd
041 _2urd
_aurd
082 _aO168,3wN3, N2
100 _aFarzanah Neelam
_9594812
245 0 _aUrdu Adab ki Khawateen Novel Nigari
260 _aLahore
_bFiction House Pakistan
_c1992
300 _a351p.
_ccm.
650 _aURDU LITERATURE
942 _hO168,3wN3, N2
_cTEXL
_2cc
999 _c957168
_d957168